书目信息 |
| 题名: |
孟法师碑
|
|
| 作者: | 褚遂良 书 | |
| 分册: | ||
| 出版信息: | 北京 北京市中国书店 1986 |
|
| 页数: | 1册 | |
| 开本: | 25cm | |
| 丛书名: | ||
| 单 册: | ||
| 中图分类: | J292.24 , J292.2 | |
| 科图分类: | ||
| 主题词: | 碑帖--中国--唐代 , 书法--中国 , 篆刻--中国 | |
| 电子资源: | ||
| ISBN: | ||
| 000 | 00672nam0 2200265 45 | |
| 001 | 0186011880 | |
| 005 | 20040520164323.3 | |
| 010 | @dCNY1.00 | |
| 100 | @a19900813d1986 em y0chiy0121 ea | |
| 101 | 0 | @achi |
| 102 | @aCN@b110000 | |
| 105 | @ay z 000yy | |
| 106 | @ar | |
| 200 | 10 | @a孟法师碑@Ameng fa shi bei@f褚遂良书 |
| 210 | @a北京@c北京市中国书店@d1986 | |
| 215 | @a1册@d25cm | |
| 606 | @a碑帖@y中国@z唐代 | |
| 606 | 0 | @a书法@x中国 |
| 606 | 0 | @a篆刻@x中国 |
| 690 | @aJ292.24@v3 | |
| 690 | @aJ292.2 | |
| 701 | 0 | @a褚遂良@Achu sui liang@f唐@4书 |
| 801 | 0 | @aCN@b深圳图书馆@c20040520 |
| 801 | 2 | @aCN@bNLC@c20040520 |
| 905 | @f4@b251533-536@dJ292.2@e260 | |
| 孟法师碑/褚遂良书.-北京:北京市中国书店,1986 |
| 1册;25cm |
| ISBN :CNY1.00 |
| ● |
| 相关链接 |
|
|
|
|
正题名:孟法师碑
索取号:J292.2/260
 
预约/预借
| 序号 | 登录号 | 条形码 | 馆藏地/架位号 | 状态 | 备注 |
| 1 | 0251533 | 001211815 | 第一借阅区/ [索取号:J292.2/260] | 在馆 | |
| 2 | 0251534 | 001211860 | 第一借阅区/ [索取号:J292.2/260] | 在馆 | |
| 3 | 0251535 | 001211771 | 第一借阅区/ [索取号:J292.2/260] | 在馆 | |
| 4 | 0251536 | 001211879 | 第一借阅区/ [索取号:J292.2/260] | 在馆 | |
| 5 | 0251537 | 001211851 | 第一样本阅览室/ [索取号:J292.2/260] | 在馆 |